El Congreso Nacional de Chile
Saved in:
| Hovedforfatter: | |
|---|---|
| Format: | Bog |
| Sprog: | spansk |
| Udgivet: |
Santiago, Chile
Alfonso Zúñiga Opazo
1994
|
| Fag: | |
| Tags: |
Tilføj Tag
Ingen Tags, Vær først til at tagge denne postø!
|
MARC
| LEADER | 00000cam a2200000 a 4500 | ||
|---|---|---|---|
| 001 | UCF3529 | ||
| 003 | CL-VaPUC | ||
| 005 | 20230825100241.0 | ||
| 008 | 121018e19940000CL |||||||||||||||||spa|d | ||
| 999 | |c 349816 |d 349814 | ||
| 040 | |c Pontificia Universidad Católica de Valparaíso | ||
| 082 | 0 | 4 | |a 328 ZUÑ 1994 |2 21 |
| 100 | 0 | |a Zúñiga Opazo, Alfonso |e autor |9 565356 | |
| 245 | 1 | 3 | |a El Congreso Nacional de Chile |
| 260 | |a Santiago, Chile |b Alfonso Zúñiga Opazo |c 1994 | ||
| 300 | |a 79 páginas | ||
| 583 | |a last modification |c 20130925 08:01:58 |k Rodrigo Vera | ||
| 600 | 0 | |a Congreso Nacional de Chile |9 256491 | |
| 650 | 0 | |a Historia política |z Chile |9 256974 | |
| 942 | |c BK |2 ddc | ||
| 945 | |d 20121018 00:00:00 |a dcastane | ||
| 952 | |0 0 |1 0 |2 ddc |4 0 |6 328_000000000000000_ZUÑ_1994 |7 0 |8 A |9 452616 |a BIBHIS |b BIBHIS |d 2019-11-22 |i 4915771 |o 328 ZUÑ 1994 |p 4915771 |r 2025-01-20 |t 1 |w 2019-11-22 |y BK |k HIS | ||